Manual de higiene popular (Registro nro. 301566)

Detalles MARC
000 -ENCABEZADO
Número de control [NR] 01493nam a22002537a 4500
005 - FECHA Y HORA DE LA ÚLTIMA TRANSACCIÓN
control field 20151123152707.0
008 - DE LONGITUD FIJA DE DATOS DE ELEMENTOS - INFORMACIÓN GENERAL
Elementos de longitud fija [NR] 150922s1917 ec ||||fr|||| 00| 0 spa d
040 ## - FUENTE DE CATALOGACION [NR]
Quien Cataloga Sandra Yazo
Quien Clasifica Sandra Yazo
041 1# - CODIGO DE IDIOMA [R]
Código de idioma para texto/pista de sonido o título separado [R] Español
082 04 - NUMERO DE CLASIFICACION DECIMAL DEWEY [R]
Número de la edición [NR] 20
Número de clasificación [R] 613.4
092 ## - SIGNATURA TOPOGRAFICA LOCAL
Número de clasificación local E37N074
100 1# - ASIENTO PRINCIPAL--NOMBRE PERSONAL [NR]
Nombre personal [NR] Laurent, H.
ID Autoridad 71649
245 10 - MENCION DE TITULO [NR]
Título [NR] Manual de higiene popular
Mención de responsabilidad, etc. [NR] del doctor H. Laurent ; Trauducido por el doctor Alfredo Espinoza Tamayo
260 ## - PUBLICACION, DISTRIBUCION, ETC. (PIE DE IMPRENTA) [R]
Lugar de publicación, distribución, etc. [R] Guayaquil (Ecuador)
Nombre del editor, distribuidor, etc. [R] Imprenta municipal
Fecha de publicación, distribución, etc. [R] 1917
300 ## - DESCRIPCION FISICA [R]
Extensión [R] 141 páginas
Dimensiones [R] 19 x 14 cm.
500 ## - NOTA GENERAL [R]
Nota general [NR] Detalles físicos: Encuadernación flexible en cartulina. Tapa delantera con datos de publicación impresos y enmarcados en una orla decorativa. Tapas con bordes rotos. Portada impresa en una sola tinta. Texto impreso en una sola columna. Papel manchado y varias hojas con dobleces.
505 1# - NOTA DE CONTENIDO CON FORMATO PREESTABLECIDO [R]
Nota de contenido con formato preestablecido [NR] Advertencia del traductor ; El aire ; Propiedades físicas del aire ; Los alimentos ; Alimentos completos ; Crustáceos ; Alimentos herbáceos ; Condimentos ; Vino ; Alteraciones del vino ; Vestido: Higiene de la piel ; El baño ; Higiene de la habitación ; Higiene de la casa ; Higiene de la infancia ; Enfermedades de la primera infancia ; Higiene de las profesiones ; Enfermedades que pueden evitarse
506 ## - NOTA DE RESTRICCIONES DE ACCESO [R]
Condiciones de acceso [NR] Consulta en sala
650 #7 - ASIENTO SECUNDARIO DE MATERIA - TERMINO TEMATICO [R]
9 (RLIN) 8072
Término temático o nombre geográfico como elemento de entrada [NR] Salud e higiene
650 #7 - ASIENTO SECUNDARIO DE MATERIA - TERMINO TEMATICO [R]
9 (RLIN) 12337
Término temático o nombre geográfico como elemento de entrada [NR] Cuidado e higiene
690 ## - ASUNTO AGREGADO LOCAL DE ENTRADA - TÉRMINO TEMÁTICO (OCLC, RLIN)
9 (RLIN) 42911
Acceso temático local Salud pública
700 1# - ASIENTO SECUNDARIO - NOMBRE PERSONAL [R]
Nombre personal [NR] ESpinosa Tamayo, Alfredo
Término de relación [R] traductor
9 (RLIN) 71650
942 ## - ELEMENTOS DE ENTRADA AGREGADOS (KOHA)
Sistema de clasificación LOCAL
Tipo de ítem principal el descrito en 300a Libro
Edición 1
Clasificación E37N074
Existencias
Suprimido Perdido Sistema de clasificación Dañado No prestable Tipo de ítem específico Ubicación habitual Ubicación actual Localización Fecha de creación Forma de adquisición Costo Total préstamos Signatura topográfica Código de barras Última vez visto Ejemplar Price effective from Tipo de ítem
    LOCAL     Libro archivo Archivo Histórico Archivo Histórico Archivo histórico 22/09/2015 Donación 0.00   E37N074 L005166 22/09/2015 Ej.1 22/09/2015 Libro